| 000 | 00732nam a2200181 4500 | ||
|---|---|---|---|
| 999 |
_c17105 _d17105 |
||
| 008 | 220602b ||||| |||| 00| 0 eng d | ||
| 022 | _a0732-8435 | ||
| 082 | _aDPer 657.05 C33 Sept - Dec 2012, v. 82 n. 9 - 12 | ||
| 100 |
_aIvancevich, Daniel M. _945461 |
||
| 245 |
_aMaterial weaknesses in internal control related to the statement of cash flows/ _cDaniel M. Ivancevich, Susan H. Ivancevich and Dana Hermanson. |
||
| 260 |
_aNew York: _bThe New York State Society of CPA, _c©2012. |
||
| 300 |
_av82 n12, page 29-33: _b illustrations: _c28 cm. |
||
| 500 | _aThe CPA Journal. | ||
| 650 |
_aAuditing. _945462 |
||
| 700 |
_aIvancevich, Susan H. _eAuthor. _945463 |
||
| 700 |
_aHermanson, Dana R. _eAuthor. _945464 |
||
| 942 |
_2ddc _cPER |
||